Central Library OPAC University of Rajshahi

The self concept : (Record no. 29524)

MARC details
000 -LEADER
fixed length control field 00793nam a22002651a 4500
001 - CONTROL NUMBER
control field 29524
003 - CONTROL NUMBER IDENTIFIER
rucl marc code BD-RjUL
005 - DATE AND TIME OF LATEST TRANSACTION
control field 20211209051425.0
008 - FIXED-LENGTH DATA ELEMENTS--GENERAL INFORMATION
fixed length control field 140403s1961 nbu b 000 0 eng
035 ## - SYSTEM CONTROL NUMBER
System control number (BD-RjUL)29609
040 ## - CATALOGING SOURCE
Original cataloging agency LC
Language of cataloging eng
Transcribing agency LC
Modifying agency ABN:1
-- BD-RjUL
041 ## - LANGUAGE CODE
Language code of text/sound track or separate title eng
082 00 - DEWEY DECIMAL CLASSIFICATION NUMBER
Classification number 153.7
Author mark and year WYS 1961
100 1# - MAIN ENTRY--PERSONAL NAME
Personal name Wylie, Ruth C.
9 (RLIN) 89990
245 14 - TITLE STATEMENT
Title The self concept :
Remainder of title a critical survey of pertinent research literature /
Statement of responsibility, etc. Ruth C. Wylie.
260 ## - PUBLICATION, DISTRIBUTION, ETC. (IMPRINT)
Place of publication, distribution, etc. Lincoln :
Name of publisher, distributor, etc. University of Nebraska Press
Date of publication, distribution, etc. 1961.
300 ## - PHYSICAL DESCRIPTION
Pagination xiii, 390 p. :
Size 23 cm.
504 ## - BIBLIOGRAPHY, ETC. NOTE
Bibliography, etc Bibliography: p. 325-348. and index.
650 #0 - SUBJECT ADDED ENTRY--TOPICAL TERM
Topical term or geographic name as entry element Self.
9 (RLIN) 89991
Topical term or geographic name as entry element Self
General subdivision Bibliography.
9 (RLIN) 89992
Topical term or geographic name as entry element Psychology
General subdivision Research.
9 (RLIN) 89993
942 ## - ADDED ENTRY ELEMENTS (KOHA)
Source of classification or shelving scheme Dewey Decimal Classification
Koha item type Books
Holdings
Lost status Source of classification or shelving scheme Damaged status Not for loan Collection code Permanent Location Current Location Shelving location Date acquired Source of acquisition Cost, normal purchase price Total Checkouts Full call number Date last seen Copy number Koha item type
  Dewey Decimal Classification     Non-fiction Central Library, University of Rajshahi Central Library, University of Rajshahi   10/07/1964 Zeitlinger. 36.00   153.7 WYS 1961 03/04/2014 C-2 Books
  Dewey Decimal Classification     Non-fiction Central Library, University of Rajshahi Central Library, University of Rajshahi   09/02/1965 Zeitlinger. 36.00   153.7 WYS 1961 03/04/2014 C-3 Books
  Dewey Decimal Classification     Non-fiction Central Library, University of Rajshahi Central Library, University of Rajshahi   09/02/1965 Zeitlinger. 36.00   153.7 WYS 1961 03/04/2014 C-4 Books
  Dewey Decimal Classification   Not For Loan Non-fiction Central Library, University of Rajshahi Central Library, University of Rajshahi Reading Room 10/07/1964 Zeitlinger 36.00   153.7 WYS 1961 15/03/2017 C-1 Books